|
|
|
|
| LEADER |
01078nam a2200265 i 4500 |
| 001 |
IT\ICCU\CAG\0517130 |
| 003 |
GR-PaULI |
| 005 |
20210309191530.0 |
| 008 |
040716r19821971uk d 001| |eng |
| 020 |
|
|
|a 0043000320
|
| 040 |
|
|
|b gre
|a ItRI
|c ItRI
|d GR-PaULI
|e AACR2
|
| 082 |
|
4 |
|2 23
|a 307
|
| 100 |
1 |
|
|a Bell, Colin
|9 168429
|e συγγραφέας
|
| 245 |
1 |
0 |
|a Community studies :
|b an introduction to the Sociology of the Local Community /
|c Colin Bell, Howard Newby.
|
| 250 |
|
|
|a 4η Ανατ.
|
| 260 |
|
|
|a London :
|b George Allen & Unwin,
|c 1982.
|
| 300 |
|
|
|a 262 σ. :
|a διαγρ. ;
|c 22 εκ.
|
| 490 |
0 |
|
|a Studies in sociology ;
|v 5
|
| 500 |
|
|
|a Περιλαμβάνει ευρετήριο.
|
| 650 |
|
4 |
|a Κοινωνικές ομάδες.
|9 6209
|
| 700 |
1 |
|
|a Newby, Howard,
|4 συγγραφέας
|9 732
|d 1947-
|
| 942 |
|
|
|2 ddc
|c BK15
|
| 952 |
|
|
|0 0
|1 0
|2 ddc
|4 0
|6 307_000000000000000_BEL
|7 0
|9 221554
|a LISP
|b LISP
|c BSC
|d 2018-04-23
|i 136626
|l 0
|o 307 BEL
|p 025000048970
|r 2018-04-23 00:00:00
|t 1
|v 2018.00
|w 2018-04-23
|y BK15
|
| 998 |
|
|
|c ΓΚΟΓΚΟΥ
|d 2018-04
|
| 999 |
|
|
|c 133868
|d 133868
|